00301nam a2200121Ia 4500008004100000100002200041245003700063260002400100300000900124650002400133942000700157999001500164190216s9999||||xx |||||||||||||| ||und|| aAlan G Macdiarmid 0aBond To Halogens And Halogenoids bMarcel Dekkerc1972 a374p aChemistry-Chemistry cBK c2443d2443